000 00693nam a2200229Ia 4500
001 10184
003 GE_BSU
008 181216s||||||||xx |||||||||||||| ||und||
040 _cGE_BSU
080 _a821.353.1–1
100 _aსინაური,ანდრია
245 _aმზე და გული
245 _bლექსები
245 _cრედ:მ.ფოცხიშვილი;მხატვ:ი.გუკიევა.
260 _aთბილისი
260 _bსაბჭ.მწერალი.
260 _c1960
300 _a160გვ;15სმ.
653 _aლექსები
653 _aმზე და გული
942 _cBK
999 _c43453
_d43453